000 01552cam a2200361 a 4500
001 131693
003 GBCCL
005 20241126110413.0
008 070322s2007 ilu bi 001 0 eng
010 _a 2007272960
020 _a080242189X
020 _a9780802421890
029 1 _aAU@
_b000041581298
035 _a(OCoLC)ocn123444381
035 _a(OCoLC)123444381
040 _aDLC
_cDLC
_dBAKER
_dBTCTA
_dABF
_dOCLCG
_dLBB
049 _aLBBK
050 0 0 _aBT157
_b.R9 2007
082 0 0 _a230.0463
_222
_bRYR
090 _aBT157
_b.R9 2007
100 1 _aRyrie, Charles Caldwell,
_d1925-
_92424
245 1 0 _aDispensationalism /
_cCharles C. Ryrie.
250 _aRev. and expanded
260 _aChicago, IL :
_bMoody Publishers,
_cc2007.
300 _a265 p. ;
_c23 cm.
500 _aRev. ed. of: Dispensationalism today. 1965.
504 _aIncludes bibliographical references (p. [249]-255) and indexes.
505 0 _aDispensationalism: help or heresy? -- What is a dispensation? -- What are the dispensations? -- The origins of dispensationalism -- The hermeneutics of dispensationalism -- Salvation in dispensationalism -- The church in dispensationalism -- Dispensational eschatology -- Progressive dispensationalism -- Covenant theology -- Ultradispensationalism -- A plea.
650 0 _aDispensationalism.
_94045
700 1 _aRyrie, Charles Caldwell,
_d1925-
_tDispensationalism today.
_94046
856 4 2 _3Contributor biographical information
_uhttp://www.loc.gov/catdir/enhancements/fy0711/2007272960-b.html
942 _2ddc
_cBK
_054
999 _c1957
_d1957